Brawl Stars: Rare & Super Rare Brawlers (1) - Statistics

General Stats
  • This quiz has been taken 9 times
  • The average score is 12 of 19
Answer Stats
Hint Answer % Correct
Starting Shelly
100%
Rare Rosa
89%
Rare Bull
78%
Rare Colt
78%
Rare Poco
78%
Rare Brock
67%
Rare Nita
67%
Super Rare 8-Bit
56%
Rare Barley
56%
Super Rare Carl
56%
Super Rare Darryl
56%
Rare El Primo
56%
Super Rare Jessie
56%
Super Rare Penny
56%
Super Rare Rico
56%
Super Rare Tick
56%
Super Rare Jacky
44%
Super Rare Dynamike
33%
Super Rare Gus
22%
No matching quizzes found
Score Distribution
Percent of People with Each Score
Percentile by Number Answered
Your Score History
You have not taken this quiz